India Exclusion Report 2013-2014 (Record no. 1848176)

MARC details
000 -LEADER
fixed length control field 00472nam a22001697a 4500
005 - DATE AND TIME OF LATEST TRANSACTION
control field 20260409135945.0
008 - FIXED-LENGTH DATA ELEMENTS--GENERAL INFORMATION
fixed length control field 260409b |||||||| |||| 00| 0 eng d
037 ## - SOURCE OF ACQUISITION
Terms of availability DSWL
040 ## - CATALOGING SOURCE
Original cataloging agency DSWL
Transcribing agency DSWL
041 ## - LANGUAGE CODE
Language code of original eng
245 ## - TITLE STATEMENT
Title India Exclusion Report 2013-2014
260 ## - PUBLICATION, DISTRIBUTION, ETC.
Place of publication, distribution, etc. Banglore,
Name of publisher, distributor, etc. Books For Change,
Date of publication, distribution, etc. 2014
300 ## - PHYSICAL DESCRIPTION
Extent 259p
365 ## - TRADE PRICE
Price type code INR
Price amount 995
942 ## - ADDED ENTRY ELEMENTS (KOHA)
Source of classification or shelving scheme Colon Classification (CC)
Koha item type Reference
Suppress in OPAC No
Holdings
Withdrawn status Lost status Source of classification or shelving scheme Damaged status Not for loan Home library Current library Date acquired Source of acquisition Cost, normal purchase price Inventory number Total Checkouts Barcode Date last seen Price effective from Koha item type
    Colon Classification (CC)     Department of Social Work Library Department of Social Work Library 2018-02-27 Dr. A Malathi 995.00 Gifted   SW0032339 2026-04-09 2026-04-09 Reference
Copyright @ Delhi University Library System